00461nam a2200145Ia 4500008004100000020001800041082001500059100003600074245003300110260001000143500001100153942000700164952012900171999001500300260604s9999 xx 000 0 und d a9781627794213 a823.92 FAY aHenry Holt & Company Inc935329 0aThe Journey to Dragon Island bSHREE aDragon cBK 00104070aIIMVbIIMVcGENERALd2026-06-04g599.00l0o823.92 FAYp003726r2026-06-04 10:18:59v599.00w2026-06-04yBKBFAY c8108d8108